Atletico Madrid Best Scorer By Year - Statistics

General Stats
  • This quiz has been taken 1,601 times
    391 since last reset
  • The average score is 10 of 35
Answer Stats
Player % Correct
Antoine Griezmann
99%
Luis Suárez
85%
Diego Costa
75%
Alexander Sørloth
74%
Diego Forlán
73%
Fernando Torres
71%
Sergio Agüero
71%
Radamel Falcao
67%
Álvaro Morata
61%
Ángel Correa
56%
Luis Aragonés
34%
Christian Vieri
24%
Hugo Sánchez
23%
Jimmy Floyd Hasselbaink
23%
Kiko
18%
Luis García Postigo
15%
José Gárate
13%
Lyuboslav Penev
13%
Adelardo
12%
José Luis Caminero
12%
Adrián Escudero
10%
Manolo
10%
Enrique Collar
9%
Baltazar
7%
Jorge Da Silva
6%
Joaquín Peiró
5%
Julio Salinas
5%
Leivinha
5%
Rubén Cano
5%
José Mari
4%
Juan Esnáider
4%
Vavá
4%
José Juncosa
2%
Luis Cabrera
2%
Miguel Jones
2%
No matching quizzes found
Score Distribution
Percent of People with Each Score
Percentile by Number Answered
Your Score History
You have not taken this quiz since the last reset